| 000 | 00404nam a22001457a 4500 | ||
|---|---|---|---|
| 003 | OSt | ||
| 005 | 20260119142936.0 | ||
| 008 | 260119b |||||||| |||| 00| 0 eng d | ||
| 040 | _cSVYASA | ||
| 100 |
_aAishwarya K _91237 |
||
| 245 | _aEffect of cold circular on body fat mass index in individual with obesity- A Pilot study. | ||
| 260 |
_aBangaluru _bSvyasa _c2025 |
||
| 300 | _a35 p. | ||
| 942 |
_2ddc _cD _n0 |
||
| 999 |
_c20843 _d20843 |
||